|
|
|
|
| LEADER |
00000nam a2200000 4500 |
| 001 |
vtls012158619 |
| 003 |
SK-MaSNL |
| 005 |
20260426010805.0 |
| 008 |
230118s2021 xo dl frn 000 0 slo |
| 015 |
|
|
|a SNBA2023/03
|
| 020 |
|
|
|a 9788056802380
|q (brožované)
|
| 040 |
|
|
|a SNK
|b slo
|c SNK
|e rda
|
| 041 |
0 |
|
|a slo
|
| 044 |
|
|
|a xo
|c SK
|
| 072 |
|
7 |
|a 373.2/.3
|x Predškolská a primárna výchova a vzdelávanie
|2 konspekt
|
| 072 |
|
7 |
|a 796
|x Šport. Hry. Telesné cvičenia
|2 konspekt
|
| 080 |
|
|
|a 373.2
|2 2011
|
| 080 |
|
|
|a (048.8)
|2 2011
|
| 080 |
|
|
|a 373.3.046-021.64
|2 2011
|
| 080 |
|
|
|a 37.011/.012
|2 2011
|
| 080 |
|
|
|a 37.016:796/799
|2 2011
|
| 080 |
|
|
|a 796.012.6
|2 2011
|
| 100 |
1 |
|
|a Masaryková, Dana,
|d 1980-
|4 aut
|9 231229
|
| 245 |
1 |
0 |
|a Pohybové kompetencie v predprimárnom a primárnom vzdelávaní
|c Dana Masaryková
|
| 264 |
|
1 |
|a Trnava
|b Typi Universitatis Tyrnaviensis
|c 2021
|
| 300 |
|
|
|a 85 strán
|b grafy, tabuľky
|c 21 cm
|
| 336 |
|
|
|a text
|b txt
|2 rdacontent
|
| 337 |
|
|
|a bez média
|b n
|2 rdamedia
|
| 338 |
|
|
|a zväzok
|b nc
|2 rdacarrier
|
| 500 |
|
|
|a Poznámky. Pre Pedagogickú fakultu Trnavskej univerzity v Trnave vydalo Vydavateľstvo Typi Universitatis Tyrnaviensis, spoločné pracovisko Trnavskej univerzity a VEDY, vydavateľstva Slovenskej akadémie vied
|
| 504 |
|
|
|a Bibliografia na strane 72-80
|
| 650 |
0 |
7 |
|a predškolská výchova
|2 SNKPH
|9 3959
|
| 650 |
0 |
7 |
|a primárne vzdelávanie
|2 SNKPH
|9 182208
|
| 650 |
0 |
7 |
|a pedagogická evalvácia
|2 SNKPH
|9 4127
|
| 650 |
0 |
7 |
|a Preschool education
|2 SNKPHeng
|9 267868
|
| 650 |
0 |
7 |
|a Primary education
|2 SNKPHeng
|9 342127
|
| 650 |
0 |
7 |
|a Educational evaluation
|2 SNKPHeng
|9 328571
|
| 650 |
0 |
7 |
|a telesná výchova
|2 SNKPH
|9 708
|
| 650 |
0 |
7 |
|a Physical education
|2 SNKPHeng
|9 265416
|
| 650 |
0 |
7 |
|a pohybová aktivita
|2 SNKPH
|9 3607
|
| 650 |
0 |
7 |
|a Movement activity
|2 SNKPHeng
|9 312821
|
| 655 |
|
7 |
|a monografie
|2 SNKPH
|9 70139
|
| 655 |
|
7 |
|a Monographs
|2 SNKPHeng
|9 120675
|
| 710 |
2 |
|
|a Trnavská univerzita v Trnave.
|b Pedagogická fakulta
|4 pbl
|9 180166
|
| 919 |
|
|
|a 978-80-568-0238-0
|
| 954 |
|
|
|a odborná, vedecká literatúra pôvodná (slovenská)
|2 lita
|
| 958 |
|
|
|a NB
|
| 999 |
|
|
|c 1044591
|d 1046521
|
| 952 |
|
|
|a SNK
|b SNK
|y PREZ
|7 0
|p 17A1517481
|o snkSC 200464
|i snk2023/927
|8 0
|0 0
|1 0
|4 0
|d 2023-01-18
|f 1
|l 0
|r 2025-10-23 00:00:00
|w 2026-02-24
|